Tree Algebra in First Order Logic

Bibliographic Details
Main Authors: Novotný, Róbert (Author), Krajči, Stanislav, 1969- (Author)
Format: Article
Language:English
ISBN:8080860157

MARC

LEADER 00000naa a2200000uu 4500
001 vtls011037143
003 SK-MaSNL
005 20260302124312.0
008 210910|2005 xo |||||||||||||||||eng|
015 |a SNBRA 
035 |a (urnnbn)urn:nbn:sk:snk:ar-008v31 
035 |a (uuid)dfbd10c1-0277-49bb-89bc-4794dbff99f4 
035 |a urn:nbn:sk:snk-aauqrh 
040 |a SNKBUCL  |b slo  |c SNKBUCL  |e AACR2 
041 0 |a eng 
044 |a xo  |c SK 
100 1 |a Novotný, Róbert  |4 aut  |9 778712 
245 1 0 |a Tree Algebra in First Order Logic  |c Róbert Novotný, Stanislav Krajči 
700 1 |a Krajči, Stanislav,  |d 1969-  |4 aut  |9 202798 
773 0 |t WDA `2005  |d Košice : Elfa Academic Press, 2005  |g S. 85-95  |z 8080860157 
958 |a OND 
958 |a article12 
958 |a chapter 
999 |c 1287125  |d 1289055